Vznik a vývoj života na planéte

Bibliographic Details
Main Author: Rehák, Alexander, 1918-2018 (Author)
Format: Article
Language:Slovak
PhysicalDescription:Tab.
ISSN:1336-6424
Subjects:

MARC

LEADER 00000nab a2200000 ar4500
001 vtls009007947
003 SK-MaSNL
005 20260303065503.0
008 070718c2007 xo qr|p|||||||000 b|slo
015 |a SNBRB2007/07 
038 |a SNKBUCL 
040 |a SNKBUCL  |b slo  |e AACR2  |c SNKBUCL 
041 0 |a slo 
044 |a xo  |c SK 
080 |a 573.5  |2 1997 
080 |a 577  |2 1997 
100 1 |a Rehák, Alexander,  |d 1918-2018  |4 aut  |9 198303 
245 1 0 |a Vznik a vývoj života na planéte  |c Alexander Rehák 
300 |b Tab. 
650 0 7 |a vznik života  |2 snkbucl  |9 67507 
773 0 |t Prometheus  |g Roč. III, č. 3 (2007), s. 16-17  |x 1336-6424 
852 |a SNK  |b KIS3GCP 
958 |a SK 
958 |a NT 
999 |c 1751376  |d 1753306